000 00499nam a2200193 i 4500
001 bg
245 0 _aDane diagnostyczne 1994 /
_cAutodata.
254 _a94-1010-PL
260 _aBerkshire ;
_aBydgoszcz :
_bAutodata,
_c1994.
300 _a704 s. :
_brys. ;
_c30 cm.
501 _ap. SkowroĊ„ski tel.232.
650 9 _asamochody osobowe
650 9 _asamochody dostawcze
650 9 _adiagnostyka
040 _cBPK
041 _apl
942 _cKA
008 s pl f |000 0 pol
999 _c24138
_d24138
856 _uhttp://koha.tu.koszalin.pl/cgi-bin/koha/opac-detail.pl?biblionumber=24138
_yKatalog online BPK